000 00538nam a2200205Ia 4500
003 LK-CoDNM
005 20240409121109.0
008 010623t1952 xxu||||| |||| 00| 1 sin d
040 _aLK-CoDNM
_dLK-CoDNM
_eLK-CoDNM
041 _asin
080 _aච9
100 _aGnanaloka thero,Talagama
245 _aසර්ප විෂ සංහාරය
246 _aSarpa Visha Sanhaaraya
260 _bD.H.Jayasekara
_aMatara
_c1952
300 _a80p.,18 cm
650 _aIndigenous Medicine
650 _aToxicology
942 _cBK
999 _c102815
_d102815